Which Punctuation Mark?: Movie Titles Quiz Stats

 Plays Quiz Updated Aug 19, 2019

Score 0/40 Timer 04:00
5 Plays Today
Question Answer Wrong Answers
Shazam Exclamation Point
93.5%
Ampersand
0.1%
Comma
0.2%
Apostrophe
0.3%
Batman Robin Ampersand
93.3%
Comma
0.4%
Apostrophe
0.1%
Exclamation Point
0.2%
Lilo Stitch Ampersand
92.8%
Comma
0.2%
Apostrophe
0.2%
Exclamation Point
0.7%
Thelma Louise Ampersand
92.8%
Comma
0.4%
Apostrophe
0.1%
Exclamation Point
0.8%
Fast Furious Ampersand
92.5%
Comma
0.5%
Apostrophe
0.2%
Exclamation Point
0.9%
Oliver Exclamation Point
92.4%
Ampersand
0.4%
Comma
0.4%
Apostrophe
0.7%
Mamma Mia Exclamation Point
92%
Ampersand
0.1%
Comma
1.4%
Apostrophe
0.7%
Charlottes Web Apostrophe
91.4%
Ampersand
0.2%
Comma
1%
Exclamation Point
1.3%
Sophies Choice Apostrophe
91.1%
Ampersand
0.3%
Comma
1%
Exclamation Point
1.6%
The Kings Speech Apostrophe
90.9%
Ampersand
0.2%
Comma
1.1%
Exclamation Point
1.8%
Angels Demons Ampersand
90.2%
Comma
0.6%
Apostrophe
3.1%
Exclamation Point
0.2%
Willy Wonka the Chocolate Factory Ampersand
90.1%
Comma
1.7%
Apostrophe
0.4%
Exclamation Point
1.8%
Hot Shots Exclamation Point
89.4%
Ampersand
0.3%
Comma
0.6%
Apostrophe
3.5%
Childs Play Apostrophe
88.4%
Ampersand
0.2%
Comma
1%
Exclamation Point
4.5%
Winters Bone Apostrophe
88.3%
Ampersand
1.3%
Comma
1.7%
Exclamation Point
2.8%
Oceans Eleven Apostrophe
87.5%
Ampersand
0.2%
Comma
2.6%
Exclamation Point
3.7%
Crazy Stupid Love. Comma
87.4%
Ampersand
1%
Apostrophe
1.9%
Exclamation Point
3.7%
Ferris Buellers Day Off Apostrophe
87.3%
Ampersand
0.5%
Comma
1.7%
Exclamation Point
4.5%
That Thing You Do Exclamation Point
86.7%
Ampersand
0.3%
Comma
5.4%
Apostrophe
1.3%
Mars Attacks Exclamation Point
85.6%
Ampersand
0.2%
Comma
1.2%
Apostrophe
7%
I Robot Comma
85.5%
Ampersand
0.3%
Apostrophe
2.2%
Exclamation Point
6.2%
Harold Kumar Go to White Castle Ampersand
84.1%
Comma
5.4%
Apostrophe
0.6%
Exclamation Point
3.8%
Moulin Rouge Exclamation Point
82.8%
Ampersand
1%
Comma
2.9%
Apostrophe
7.3%
The Good the Bad and the Ugly Comma
82.4%
Ampersand
7.7%
Apostrophe
1.6%
Exclamation Point
2.5%
Singin in the Rain Apostrophe
82.3%
Ampersand
0.1%
Comma
2.4%
Exclamation Point
9.2%
The Adventures of Priscilla Queen of the Desert Comma
81.7%
Ampersand
2.7%
Apostrophe
3.8%
Exclamation Point
5.8%
Love Friendship Ampersand
81.3%
Comma
11.5%
Apostrophe
0.4%
Exclamation Point
0.8%
Percy Jackson the Olympians: The Lightning Thief Ampersand
80.9%
Comma
4.7%
Apostrophe
3.5%
Exclamation Point
5%
Its a Wonderful Life Apostrophe
78.9%
Ampersand
0.2%
Comma
1%
Exclamation Point
14.1%
The Naked Gun: From the Files of Police Squad Exclamation Point
74.8%
Ampersand
2.2%
Comma
8.3%
Apostrophe
8.4%
Lock Stock and Two Smoking Barrels Comma
73.9%
Ampersand
9.6%
Apostrophe
3.3%
Exclamation Point
7.3%
Now Voyager Comma
71.6%
Ampersand
1.9%
Apostrophe
2%
Exclamation Point
18.3%
Honey I Shrunk the Kids Comma
70.2%
Ampersand
0.1%
Apostrophe
1.7%
Exclamation Point
22.4%
I Love You Man Comma
68.7%
Ampersand
0.1%
Apostrophe
1.4%
Exclamation Point
23.9%
Stop Or My Mom Will Shoot Exclamation Point
60.8%
Ampersand
0.2%
Comma
32.5%
Apostrophe
0.7%
Bob Carol Ted Alice Ampersand
55.6%
Comma
37.5%
Apostrophe
0.9%
Exclamation Point
0.3%
Tora Tora Tora Exclamation Point
54.4%
Ampersand
1.3%
Comma
37.7%
Apostrophe
0.8%
Monsters Inc. Comma
54.1%
Ampersand
0.3%
Apostrophe
31%
Exclamation Point
8.7%
The Burbs Apostrophe
53.4%
Ampersand
0.2%
Comma
1.6%
Exclamation Point
38.8%
Good Morning Vietnam Comma
47.9%
Ampersand
0.1%
Apostrophe
1%
Exclamation Point
45.3%

You're not logged in!

Compare scores with friends on all Sporcle quizzes.
OR
Log In

Sporcle TV

Today on Sporcle TV


Watch our educational content, quiz creation guides, and fun videos on Sporcle TV.

Show Comments

Extras

Top Quizzes Today


Score Distribution

Your Account Isn't Verified!

In order to create a playlist on Sporcle, you need to verify the email address you used during registration. Go to your Sporcle Settings to finish the process.

Report this User

Report this user for behavior that violates our Community Guidelines.

Details: